TikTokers más seguidos - Estadísticas

Estadísticas generales
  • Esta prueba ha sido intentada 90 veces
  • La puntuación promedio es 3 de 11
Estadísticas de respuestas
n.º país seguidores respuesta % Correcto
2. 🇺🇸 155.7M Charli D'amelio
93%
1. 🇮🇹 🇪🇹 162.6M Khaby Lame
38%
5. 🇺🇸 88.7M Addison Rae
32%
4. 🇺🇸 🇵🇭 94.5M Bella Poarch
30%
3. 🇺🇸 105.4M Mr Beast
23%
7. 🇲🇽 82.4M Kimberly Loaiza
16%
6. 🇨🇳 82.8M TikTok
7%
8. 🇺🇸 82.2M Zach King
4%
9. 🇲🇽 76.5M Dominik Lipa
3%
11. 🇺🇸 74.9M The Rock
3%
10. 🇺🇸 75.2M Will Smith
3%
No se encontraron pruebas coincidentes
Distribución de puntuación
Porcentaje de gente con cada puntuación
Porcentaje por número respondido
Historial de tus puntuaciones
No has intentado esta prueba.